00829nam a22002177a 4500003000200000005001700002008004100019020002200060050002300082100002100105245015500126260003000281300003000311504002100341650003200362650003400394650002900428942001200457999001900469952012300488020241114162357.0241114b xxu||||| |||| 00| 0 eng d a978-0-367-61920-6 aLB 1576b.W66 2024 aWood, Christiane aInnovation, literacy, & arts integration in multicultural classroomsbtheory & practice for designers of K-8 learning environments. cChristiane Wood  aNew YorkbRoutledgec2024 axii, 312 pages ; c26cm.  aIncludes index.  aLanguage arts (Elementary). aLanguage arts (Middle school) aMulticultural education. 2lcccBK c366727d366727 00102lcc40aCLbCLcRESd2024-11-14eLibrary Fundl0oLB 1576 .W66 2024pC23955r2024-11-14 00:00:00w2024-11-14yBK